Tras las huellas de Jesús / (Registro nro. 14113)

Detalles MARC
000 -LIDER
fixed length control field 00525nam a2200181 4500
003 - IDENTIFICACDOR DE NÚMERO DE CONTROL
control field DO-SdBNP
005 - DATE AND TIME OF LATEST TRANSACTION
control field 20220324115849.0
008 - ELEMENTOS DE LONGITUD FIJA
fixed length control field 220324b2016 dr || |||| 00| 0 spa d
020 ## - ISBN
International Standard Book Number 9789945167757
040 ## - FUENTE DE CATALOGACIÓN
Agencia que crea de manera original el registro BPMSU
Agencia que realiza la transcripción BPMSU
082 ## - NÚMERO DE CLASIFICACIÓN DECIMAL DE DEWEY
Item number T173t 2016
100 1# - ASIENTO PRINCIPAL -- NOMBRE PERSONAL
Nombre personal Tapounet Loinaz, Vicente
245 ## - MENCIÓN DE TITULO
Título Tras las huellas de Jesús /
Mención de responsabilidad Vicente Tapounet Loinaz
260 ## - PUBLICACIÓN, DISTRIBUCIÓN, ETC. (PIE DE IMPRENTA)
Lugar de publicación, distribución, etc Santo Domingo:
Nombre del editor, distribuidor, etc. búho
Fecha de publicación, distribución, etc 2016
300 ## - DESCRIPCIÓN FÍSICA
Extensión 127 p;
Dimensiones 22 cm
500 ## - NOTA GENERAL
Nota general Incluye datos biogáficos del autor en la contracubierta
942 ## - ADDED ENTRY ELEMENTS (KOHA)
Source of classification or shelving scheme Dewey Decimal Classification
Koha item type Libros
Existencias
Withdrawn status Lost status Source of classification or shelving scheme Damaged status Not for loan Home library Current library Date acquired Total Checkouts Full call number Date last seen Price effective from Koha item type
    Dewey Decimal Classification     Biblioteca Pública Metropolitana Salomé Ureña Biblioteca Pública Metropolitana Salomé Ureña 03/24/2022   T173t 2016 03/24/2022 03/24/2022 Libros